Progress in polymer science, Japan

Đã lưu trong:
Bibliografiske detaljer
Format: Bog
Sprog:Undetermined
Udgivet: Tokyo Kodansha 1971
Fag:
Tags: Tilføj Tag
Ingen Tags, Vær først til at tagge denne postø!
Thư viện lưu trữ: Trung tâm Học liệu Trường Đại học Cần Thơ
LEADER 00421nam a2200157Ia 4500
001 CTU_95094
008 210402s9999 xx 000 0 und d
082 |a 547 
082 |b P964/Vol.1 
245 0 |a Progress in polymer science, Japan 
260 |a Tokyo 
260 |b Kodansha 
260 |c 1971 
650 |a Polymers,Polymerization,Polymers 
904 |i Năm 
980 |a Trung tâm Học liệu Trường Đại học Cần Thơ